Como funcionan los sindicatos en la URSS /

Guardado en:
書目詳細資料
主要作者: Bonch-Bruevich, Vladímir
其他作者: Vizhutovich, Valeri
格式: Texto
標簽: 添加標簽
沒有標簽, 成為第一個標記此記錄!

MARC

LEADER 00000 a a2200000 04500
001 47008
003
040
100 |a Bonch-Bruevich, Vladímir  
245 |a Como funcionan los sindicatos en la URSS /  |c Vladímir Bonch-Bruevich, Valeri Vizhutovich  
700 |a Vizhutovich, Valeri  
773 |g volumen5, número94, (1981), páginas 42-51  
999 |c 36160  |d 36160